| 000 -ლიდერი |
| ფიქსირებული სიგრძის საკონტროლო ველი |
02609nam a2200337Ia 4500 |
| 001 - საკონტროლო ნომერი |
| საკონტროლო ველი |
6304 |
| 003 - საკონტროლო ნომრის იდენტიფიკატორი |
| საკონტროლო ველი |
GE_BSU |
| 005 - ბოლო ოპერაციის თარიღი და დრო |
| საკონტროლო ველი |
20240213104337.0 |
| 008 - ფიქსირებული სიგრძის მონაცემთა ელემენტები - ზოგადი ინფორმაცია |
| ფიქსირებული სიგრძის საკონტროლო ველი |
181216s2012||||ge |||||||||||||| ||geo|| |
| 040 ## - კატალოგიზაციის წყარო |
| Transcribing agency |
GE_BSU |
| 041 ## - ენის კოდი |
| Language code of text/sound track or separate title |
geo |
| 080 ## - უნივერსალური ათობითი კლასიფიკაციის ინდექსი |
| Universal Decimal Classification number |
008(479.22)(063)+008(560)(063) ს-32 |
| 245 ## - ცნობა სათაურის შესახებ |
| Title |
საქართველო და თურქეთი : კულტურულ ურთიერთობათა ისტორია, დღევანდელობა და პერსპექტივები : |
| Remainder of title |
აჰმედ ოზქან მელაშვილის დაბადებიდან 90 წლისთავისადმი მიძღვნილი საერთაშ. სამეცნ. კონფერენციის მასალები, თბილისი, 21-24 ივნისი, 2012 / |
| Statement of responsibility, etc |
არქიმანდრიტ ადამ ახალაძის საერთო რედ. და წინასიტყვაობით ; თურქ. ენ. მთარგმნ. ზაზა წურწუმია. |
| 264 ## - წარმოების, გამოცემის, დისტრიბუციის და სხვა ცნობები |
| გამოცემის, წარმოების, დისტრიბუციის... ადგილი |
თბილისი, |
| გამოცემის, წარმოების, დისტრიბუციის... თარიღი |
2012. |
| 300 ## - ფიზიკური აღწერა |
| Extent |
218 გვ.; |
| Other physical details |
29 სმ. |
| 500 ## - ზოგადი შენიშვნა |
| General note |
მასალები ქართ., ინგლ. და თურქ. |
| 653 ## - INDEX TERM--UNCONTROLLED |
| Uncontrolled term |
საქართველო-თურქეთის კულტურული ურთიერთობები |
| 653 ## - INDEX TERM--UNCONTROLLED |
| Uncontrolled term |
კონფერენციის მასალები |
| 700 ## - ADDED ENTRY--PERSONAL NAME |
| Personal name |
ადამი (ახალაძე, ვახტანგ) |
| Relator term |
ავტორი |
| 9 (RLIN) |
5614 |
| 700 ## - ADDED ENTRY--PERSONAL NAME |
| Personal name |
იაკუთი, მუსტაფა |
| Relator term |
ავტორი |
| 9 (RLIN) |
5615 |
| 700 ## - ADDED ENTRY--PERSONAL NAME |
| Personal name |
შენოლი, ერდოღან |
| Relator term |
ავტორი |
| 9 (RLIN) |
5616 |
| 700 ## - ADDED ENTRY--PERSONAL NAME |
| Personal name |
გუჯეჯიანი, როზეტა |
| Relator term |
ავტორი |
| 9 (RLIN) |
5617 |
| 700 ## - ADDED ENTRY--PERSONAL NAME |
| Personal name |
წურწუმია, ზაზა |
| 9 (RLIN) |
5618 |
| 700 ## - ADDED ENTRY--PERSONAL NAME |
| Personal name |
ოსეფაშვილი, ლალი |
| 9 (RLIN) |
5619 |
| 700 ## - ADDED ENTRY--PERSONAL NAME |
| Personal name |
ადამი (ახალაძე, ვახტანგ; არქიმანდრიტი) |
| Relator term |
რედაქტორი |
| 9 (RLIN) |
5620 |
| 700 ## - ADDED ENTRY--PERSONAL NAME |
| Personal name |
წურწუმია, ზაზა |
| Relator term |
მთარგმნელი |
| 9 (RLIN) |
5618 |
| 700 ## - ADDED ENTRY--PERSONAL NAME |
| Personal name |
გოგოხია, ნია |
| Relator term |
მთარგმნელი |
| 9 (RLIN) |
5621 |
| 710 ## - ADDED ENTRY--CORPORATE NAME |
| Corporate name or jurisdiction name as entry element |
საქ. საპარტიარქოს წმ. თამარ მეფის სახ. სასწავლო უნ-ტი |
| 9 (RLIN) |
5622 |
| 710 ## - ADDED ENTRY--CORPORATE NAME |
| Corporate name or jurisdiction name as entry element |
შოთა რუსთაველის ეროვნ. სამეცნ. ფონდი |
| 9 (RLIN) |
5623 |
| 942 ## - ADDED ENTRY ELEMENTS (KOHA) |
| Koha item type |
წიგნი |
| Source of classification or shelving scheme |
|